Géneros de myxomycetes / (Registro nro. 8309)

Detalles MARC
000 -CABECERA
Campo de control interno 01716nam a2200241Ia 4500
008 - ELEMENTOS DE LONGITUD FIJA - INFORMACIÓN GENERAL
Campo de control de longitud fija 260220t1971||||xx |||||||||||||| ||spa||
040 ## - FUENTE DE CATALOGACIÓN
Agencia de catalogación original PY-SlUNAC
Idioma de catalogación spa
Convenciones de descripción rda
041 ## - CÓDIGO DE IDIOMA
Código de idioma para texto/pista de sonido o título separado spa
082 ## - NÚMERO DE CLASIFICACIÓN DECIMAL DEWEY
Clasificación Decimal Dewey (CDD) 589.29
Clasificación Expansiva de Cutter (EC) R354g
100 ## - ASIENTO PRINCIPAL - NOMBRE PERSONAL
Nombre personal Riveiro Teixeira, Alcides
Rol del autor Autor
245 #0 - TÍTULO
Título Géneros de myxomycetes /
Mención de responsabilidad por Alcides Riveiro Teixeira [Autor]
264 ## - PIE DE IMPRENTA
Lugar San Paulo :
Editorial Instituto de Botánica,
Año ℗1971.
300 ## - DESCRIPCIÓN FÍSICA
Páginas 1 volumen
520 ## - NOTA DE RESUMEN
Nota de resumen El libro "Géneros de myxomycetes" de Alcides Riveiro Teixeira, publicado en 1971 por el Instituto de Botánica de San Paulo, se centra en el estudio taxonómico de los myxomycetes, organismos unicelulares que presentan características tanto de hongos como de protistas. A través de una revisión exhaustiva de los diferentes géneros de estos organismos, el autor proporciona descripciones detalladas, ilustraciones y claves de identificación, facilitando así su clasificación y estudio. La obra se basa en una amplia recopilación de datos bibliográficos y observaciones de campo, lo que la convierte en un recurso valioso para investigadores y aficionados a la micología. Además, el texto aborda la ecología y la distribución geográfica de los myxomycetes, destacando su importancia en los ecosistemas como descomponedores. En conjunto, este libro no solo contribuye al conocimiento taxonómico de los myxomycetes, sino que también promueve la investigación sobre su diversidad y función en el medio ambiente.
653 ## - MATERIA - TÉRMINO TEMÁTICO NO CONTROLADO (PALABRAS CLAVE)
Materia - término temático no controlado (palabras clave) Botánica
653 ## - MATERIA - TÉRMINO TEMÁTICO NO CONTROLADO (PALABRAS CLAVE)
Materia - término temático no controlado (palabras clave) Myxomycetes
653 ## - MATERIA - TÉRMINO TEMÁTICO NO CONTROLADO (PALABRAS CLAVE)
Materia - término temático no controlado (palabras clave) Taxonomía
942 ## - ELEMENTOS PERSONALIZADOS (KOHA)
Fecha catalogación 2026/02/17
Tipo de documento Libros
Existencias
Fuente de Clasificacion Colección Ubicacion permanente Biblioteca actual Fecha de Ingreso a la Biblioteca Origen de adquisición Código de ubicación Código de barras Tipo de Item KOHA Nota pública
Dewey Decimal Classification Colección General (CG) Biblioteca e Internet, Facultad de Ciencias Exactas y Naturales Biblioteca e Internet, Facultad de Ciencias Exactas y Naturales 02/20/2026 Donación 589.29 R354g CG1669 Libros Material disponible en la Biblioteca e Intenet, Campus UNA, San Lorenzo.